| 000 | 01005cam a2200313 4500 | ||
|---|---|---|---|
| 001 | J117455 | ||
| 008 | 020412n2002 000 0 eng u | ||
| 035 | _a(Sirsi) u117455 | ||
| 041 | _aeng. | ||
| 050 | _a333.337016 | ||
| 110 |
_aCB Hillier Parker _93660 |
||
| 245 | _aRent and yield monitor: market index brief Q1, Q2, Q3 & Q4 2002 | ||
| 260 |
_aLondon _bCB Hillier Parker _c2002 |
||
| 300 |
_a4 pt _c30cm. |
||
| 520 | _aFormerly 'CB Hillier Parker Rent Index' and 'CB Hillier Parker average yields'. Also available on the CB Hillier Parker website at: http://www.cbhillierparker.com | ||
| 650 | _aHILLIER PARKER RENT INDEX | ||
| 650 | _aINDICES | ||
| 650 | _aINDUSTRIAL PROPERTY | ||
| 650 | _aOFFICES | ||
| 650 | _aRENTS | ||
| 650 | _aSHOPS | ||
| 650 | _aYIELDS | ||
| 650 | _aINVESTMENT | ||
| 650 | _aHILLIER PARKER AVERAGE YIELD INDEX | ||
| 690 | _aPROPERTY-COMMERCIAL PROPERTY | ||
| 710 |
_aHillier Parker _92054 |
||
| 856 | _uhttps://www.cbhillierparker.com | ||
| 942 | _n0 | ||
| 999 |
_c101988 _d101988 |
||